000 00757cam a2200205 4500
001 WS114606
008 010917n 000 0 eng u
035 _a(Sirsi) u114606
245 _aE-Construct
520 _aWeb site which aims to navigate users through the maze of internet based services for the European construction industry organising information by chronological news story and by company.
650 _aEUROPE
650 _aINTERNATIONAL
650 _aMANAGEMENT-BUSINESS MANAGEMENT-INFORMATION MANAGEMENT
650 _aINTERNET
650 _aNEWS
650 _aCONSTRUCTION INDUSTRY
690 _aBUILT ENVIRONMENT
856 4 0 _uhttps://www.e-construct.co.uk
_zView the website free of charge at www.e-construct.co.uk...
942 _n0
999 _c119886
_d119886